000 00413nam a2200181Ia 4500
005 20240823031128.0
008 240823s9999||||xx |||||||||||||| ||und||
041 _aENGLISH
082 _A621.388 04 M9
100 _aGulati R R
245 0 _aColour Television
250 _a1st
260 _c1989
_b"Wiley,New Delhi"
500 _aYES
650 _aTelevision
_bElectronics
942 _cBK
999 _c190339
_d190339